Mutiara perkahwinan menurut ajaran Islam

Bibliographic Details
Main Author: Muhammad Ali Quthb
Format: Book
Published: Kuala Lumpur : Pustaka Haji Abdul Majid , 1991
Subjects:

MARC

LEADER 00000cam a2200000 7i4500
001 0000005280
002 000005704
005 20000330.0
020 |a 9839619004 
090 0 0 |a 297.38   |b MUH 
100 0 |a Muhammad Ali Quthb 
245 1 0 |a Mutiara perkahwinan menurut ajaran Islam   |c Muhammad Ali Quthb 
260 |a Kuala Lumpur :   |b Pustaka Haji Abdul Majid ,   |c 1991 
300 |a 403p. ;   |c 22cm. 
650 0 0 |a Marriage (Islam) 
999 |a 033504   |b BUKU   |c PINJAMAN   |e PERPUSTAKAAN KOMUNITI PETALING JAYA 
999 |a 038094   |b BUKU   |c PINJAMAN   |e PERPUSTAKAAN KOMUNITI PETALING JAYA